000 00308nam a2200133Ia 4500
005 20251222155109.0
008 251222s9999||||xx |||||||||||||| ||spa||
082 _aMEQ. 108
100 _aNOVOA M. Lina.
245 0 _aEnfermería de Quirófano
250 _a1ra. ed.
264 _bCuzzi y cia
942 _cLIB
999 _c37977
_d37977